000 00611cam a22002411 4500
001 sa 65003920
003 DLC
005 20260227112126.0
008 890724s1963 ii b 000 0 orio
010 _asa 65003920
035 _a(OCoLC)20061292
040 _aDLC
_cWaU
_dDLC
042 _apremarc
043 _aa-ii---
050 0 0 _aPK2571
_b.A25
100 1 _aĀcāryya, Br̥ndābanacandra.
245 1 0 _aSatyabādī yuga.
260 _c[1963]
300 _a2, 240, [1] p.
_c18 cm.
500 _aIn Oriya.
504 _aBibliography: p. [241]
650 0 _aOriya literature
_xHistory and criticism.
999 _c63433
_d63433